Регионална библиотека "Любен Каравелов" - Русе

Балканите и Средиземноморието - зона на мира (Запис номер 379756)

MARC детайли
000 -Лидер
Контролно поле с фиксирана дължина 01191nam a2200277 a 4500
003 - Код на организацията, давaща контролен номер
Контролно поле BLK
005 - Дата и час на последна редакция
Контролно поле 20250128005508.0
008 - Елементи от данни с фиксирана дължина
fixed length control field 200806b bu ||||| |||| 00| 0 bu d
040 ## - Източник на каталожния запис
Идентификатор на билиотеката - собственик на записа BLK
041 ## - Код за език
Код за езика на текст/звукозапис или на отделно заглавие Български
Код за езика КДБФ Български
080 ## - УДК
Текстов определител УДК Международни политически отношения. Световна политика. Международна политика. Дипломация
УДК код - определител по УДК 327
УДК определител (4-13)
УДК - код + определител 327(4-13)
100 1# - Редна дума - Автор
Автор Илийски, Димитър
Авторска отговорност Първи автор
R(LIN) 72765
139 ## - Редно поле
Редна дума Илийски, Димитър
245 10 - Сведения за заглавието
Заглавие Балканите и Средиземноморието - зона на мира
Редно поле (дума) Димитър Илийски.
257 ## - Страна на издаване
Страна на създаване/издаване България
260 ## - Област на издателските данни
Място на издаване, разпространение и проч. София
Име на издателя, разпространителя и проч. НС ОФ
Година на издаване 1964
300 ## - Физическа характеристика
Страници 36 с.
Размери/Мащаб 18 см
380 ## - Жанр
Жанр Обществени науки
500 ## - Общи забележки
Забележка Авт. посочен в библиогр. каре. - 5 000 тир.
650 #4 - Допълнително описание по предмет – тема
Основно описание – тема или топоним Балкански полуостров
9 (RLIN) 424278
650 #4 - Допълнително описание по предмет – тема
Основно описание – тема или топоним Средиземноморски въпрос
9 (RLIN) 424279
650 #7 - Допълнително описание по предмет – тема
Основно описание – тема или топоним България - външна политика
Източник на редна или ключова дума
9 (RLIN) 149489
852 ## - Местоположение
Форматна сигнатура Цб I 7302
Фондова буква Хранилище
999 ## - СИСТЕМНИ КОНТРОЛНИ НОМЕРА
Koha biblionumber 379756
Koha biblioitemnumber 379756
942 ## - АРТИКУЛИ
Вид на библиотечния материал Книги
Скрит в OPAC Не
Източник на класификационната схема Universal Decimal Classification
Периодичен библиозапис Да
944 ## - СЪЗДАВАНЕ И РЕДАКЦИЯ на ЗАПИСА
Служител, извършил регистрацията/редакцията
Статус, дата на статуса CRON CRON
Наличности
Код за отписване Код за изгубен артикул Източник на класификационната схема Код за повреда Коз за рестрикции Код за отдаване Артикулен № Име на библиотеката - собственик Име на библиотеката, в която се намира в момента Статус (Текущо местоположение) Дата на вписване в системата Местоположение - отдел Цена в лева Инвентарен номер Систематично азбучна сигнатура Баркод Цена в евро Служебен тип на артикула
  Не е изгубен Universal Decimal Classification Не е повреден само за читалня ползва се в читалня 790474 Регионална библиотека "Любен Каравелов" Русе Регионална библиотека "Любен Каравелов" Русе Хранилище 2020-08-13 Хранилище 0.05 4799/65 Цб I 7302 900000028372 0.03 Книги
Vip Innovations Ltd, Rousse, Bulgaria 2025